00548nam a22001457a 450000500170000002000230001708200080004010000270004824500640007526000740013927000770021330000610029094200340035199900170038520120521101714.0 a9788188466c180.00 a821 aसादिक947525 aजिंदगी का जायजा/cसादिक aदिल्लीbअमरसत्य प्रकाशनc2012 a109, ब्लृाक-बी, प्रीत विहार e110092 a112 पृ.c22 सेंमीं (सजिल्द) 2ddccHNh821mसादिक c66931d66931